TATA VS MISTRY THE BATTLE FOR INDIA S GR (Record no. 31871)

MARC details
000 -LEADER
fixed length control field 00344nam a2200133Ia 4500
008 - FIXED-LENGTH DATA ELEMENTS--GENERAL INFORMATION
fixed length control field 240624s9999 xx 000 0 und d
041 ## - LANGUAGE CODE
Language code of text/sound track or separate title eng
082 ## - DEWEY DECIMAL CLASSIFICATION NUMBER
Classification number 828 GUP
100 ## - MAIN ENTRY--PERSONAL NAME
Personal name GUPTA DEEPALI
245 ## - TITLE STATEMENT
Title TATA VS MISTRY THE BATTLE FOR INDIA S GR
260 ## - PUBLICATION, DISTRIBUTION, ETC.
Date of publication, distribution, etc. 2019
Place of publication, distribution, etc. New Delhi
Name of publisher, distributor, etc. Juggernaut Books
300 ## - PHYSICAL DESCRIPTION
Extent xv, 248 p.; 22 cm.
365 ## - TRADE PRICE
Currency code RS
Holdings
Withdrawn status Lost status Damaged status Not for loan Home library Current library Shelving location Date acquired Cost, normal purchase price Total Checkouts Full call number Barcode Date due Date last seen Date last checked out Price effective from Koha item type
        IMTN IMTN Rack 42-A 08/23/2019 373.00 1 828 GUP 31871 01/19/2026 01/09/2026 01/09/2026 06/24/2024 Books
Designed & Maintained by: LRC IMT Nagpur Contact: lrc@imtnag.ac.in© 2024. All Rights Reserved.